[Event "European Blitz 2022"]
[Site "Katowice POL"]
[Date "2022.12.16"]
[Round "21.63"]
[White "Plaskan, Jure"]
[Black "Reza, Wojciech"]
[Result "1/2-1/2"]
[BlackTitle "FM"]
[WhiteElo "2241"]
[BlackElo "2290"]
[WhiteFideId "14605252"]
[BlackFideId "1151967"]
[EventDate "2022.12.16"]

1. e4 c6 2. d4 d5 3. exd5 cxd5 4. c4 Nf6 5. Nc3 Nc6 6. Nf3 Bg4 7. cxd5 Nxd5 8.
Qb3 Bxf3 9. gxf3 Nb6 10. Be3 e6 11. Bb5 Be7 12. Rd1 O-O 13. O-O Nb4 14. Bf4 N4d5
15. Bg3 Rc8 16. a4 Nxc3 17. bxc3 Qd5 18. Qxd5 Nxd5 19. c4 Nc3 20. c5 Nxd1 21.
Rxd1 Rfd8 22. c6 bxc6 23. Ba6 Rb8 24. Bxb8 Rxb8 25. Rc1 Rb6 26. Bd3 g6 27. Be4
Rb4 28. a5 Rxd4 29. Rxc6 Bd8 30. a6 Kg7 31. Rc8 Bb6 32. Rc2 Ra4 33. Bb7 Ra3 34.
Kg2 h5 35. h3 Kf6 36. Re2 Kg5 37. Rc2 f5 38. Re2 Kf6 39. Bc8 e5 40. Bb7 Bd4 41.
Rc2 Kg5 42. Bc8 Kf4 43. Bb7 g5 44. Re2 Ra5 45. Rd2 Ra1 46. Re2 Ra3 47. Rd2 Ra4
48. Re2 Ra3 49. Rd2 g4 50. fxg4 fxg4 51. hxg4 Kxg4 52. Re2 h4 53. Bc8+ Kf4 54.
Rc2 h3+ 55. Bxh3 Rxa6 56. Bc8 Ra3 57. Bb7 a5 58. f3 Ra1 59. Be4 a4 60. Rc8 a3
61. Rf8+ Ke3 62. Ra8 Kf4 63. Bd5 Rg1+ 64. Kh2 Ra1 65. Kg2 Ke3 66. Ra4 Bb2 67.
Kh2 Bd4 68. Kg2 Bb2 69. Kh2 Kd2 70. Kg3 Kc2 71. f4 Rg1+ 72. Kh2 Rf1 73. fxe5 Re1
74. e6 Re5 75. Ba2 Bc1 76. Rb4 Bd2 77. Rb7 Bc3 78. e7 Bd2 79. Bf7 Bg5 80. e8=Q
Rxe8 81. Bxe8 a2 82. Ra7 Kb2 83. Rxa2+ Kxa2 1/2-1/2

[Event "European Blitz 2022"]
[Site "Katowice POL"]
[Date "2022.12.16"]
[Round "21.64"]
[White "Rog, Bartlomiej"]
[Black "Kacprzak, Kacper"]
[Result "1/2-1/2"]
[WhiteElo "1969"]
[BlackElo "2289"]
[WhiteFideId "21857377"]
[BlackFideId "21819319"]
[EventDate "2022.12.16"]

1. Nf3 d5 2. c4 d4 3. b4 Nf6 4. Bb2 c5 5. bxc5 Nc6 6. e3 e5 7. exd4 exd4 8. d3
Bxc5 9. Be2 O-O 10. O-O Re8 11. Nbd2 a5 12. Re1 a4 13. a3 Bf5 14. Bf1 Qd7 15.
Qc2 h6 16. g3 Ng4 17. Ne4 Bxe4 18. dxe4 d3 19. Qc3 Bxf2+ 20. Kg2 f6 21. Red1 Bc5
22. Rxd3 Qe7 23. Re1 Rad8 24. Rd5 b6 25. Qd3 Nce5 26. Nxe5 Nxe5 27. Bxe5 fxe5
28. Rd1 Rxd5 29. Qxd5+ Kh8 30. Be2 Bxa3 31. Rf1 Bc5 32. Rf7 Qg5 33. Qd3 a3 34.
Bf3 Bd4 35. h4 Qc1 36. Ra7 Qb2+ 37. Kh3 Rf8 38. Rxa3 Qf2 39. Rb3 Qg1 40. Ra3 Bc5
41. Rb3 Qf2 42. Rc3 Bd4 43. Rb3 Ra8 44. Ra3 Rf8 45. Rb3 Qe1 46. Rb1 Qf2 47. Rf1
Qb2 48. Bg2 Rf2 49. Rxf2 Qxf2 50. Qa3 Bc5 51. Qa8+ Kh7 52. Qc8 Qf6 53. Qf5+
Qxf5+ 54. exf5 Kg8 55. Bd5+ Kf8 56. Kg4 Ke7 57. Kf3 Kf6 58. g4 Ba3 59. Ke4 Bc1
60. Bc6 Bd2 61. Bd5 Be1 62. g5+ hxg5 63. hxg5+ Kxg5 64. Kxe5 1/2-1/2

[Event "European Blitz 2022"]
[Site "Katowice POL"]
[Date "2022.12.16"]
[Round "21.65"]
[White "Madan, Augustin"]
[Black "Varvadoukas, Theodoros"]
[Result "0-1"]
[WhiteTitle "IM"]
[WhiteElo "2292"]
[BlackElo "2109"]
[WhiteFideId "1210327"]
[BlackFideId "4210735"]
[EventDate "2022.12.16"]

1. d4 Nf6 2. c4 c5 3. e3 cxd4 4. exd4 g6 5. Nf3 Bg7 6. Nc3 O-O 7. Be2 d5 8. cxd5
Nxd5 9. O-O Nc6 10. Be3 Be6 11. a3 Rc8 12. Na4 b6 13. Nc3 Na5 14. Nxd5 Bxd5 15.
Rc1 Nc4 16. Bxc4 Bxc4 17. Re1 Bd5 18. Ne5 Qd6 19. Qd2 Bb7 20. Rxc8 Rxc8 21. Rc1
Rd8 22. Qc3 Qd5 23. Nf3 Qf5 24. Ne5 Bxe5 25. dxe5 Qg4 26. f3 Bxf3 27. Qc2 Be4
28. Qf2 Rd1+ 29. Rxd1 Qxd1+ 30. Qf1 Qc2 31. Qf2 Qb1+ 32. Qf1 Qxb2 33. Bf4 Kg7
34. h4 h5 35. Kh2 Qxa3 36. Qc4 Qd3 37. Qc7 Qe2 0-1

[Event "European Blitz 2022"]
[Site "Katowice POL"]
[Date "2022.12.16"]
[Round "21.66"]
[White "Bartel, Michal"]
[Black "Tymrakiewicz, Rafal"]
[Result "0-1"]
[WhiteTitle "FM"]
[BlackTitle "FM"]
[WhiteElo "2250"]
[BlackElo "2138"]
[WhiteFideId "1119257"]
[BlackFideId "1108832"]
[EventDate "2022.12.16"]

1. e4 c6 2. Nc3 g6 3. g3 d5 4. Bg2 d4 5. Nce2 e5 6. d3 c5 7. f4 Nc6 8. Nf3 f6 9.
O-O Bd6 10. h3 Nge7 11. g4 Be6 12. fxe5 fxe5 13. Bh6 Qd7 14. Ng5 O-O-O 15. Nxe6
Qxe6 16. Qd2 Rde8 17. Rf2 Nd8 18. Raf1 Kb8 19. Ng3 Nec6 20. a3 Be7 21. Kh2 Bh4
22. Rf3 Rhg8 23. Bg5 Bxg5 24. Qxg5 Qe7 25. Qh6 Qg7 26. Qd2 Rgf8 27. b4 Rxf3 28.
Bxf3 Ne6 29. bxc5 Qe7 30. Bg2 Nf4 31. Ne2 g5 32. Ng3 Qxc5 33. Nf5 Ne7 34. Rb1
Rc8 35. Rb2 Neg6 36. Bf3 Nh4 37. Nxh4 gxh4 38. Bd1 Qc3 39. Qxc3 Rxc3 40. Rb5 Ng6
41. a4 Kc7 42. g5 b6 43. a5 Rc5 44. axb6+ axb6 45. Rb2 Ra5 46. Bg4 Nf4 47. Bf5
Ra1 48. Bxh7 Re1 0-1

[Event "European Blitz 2022"]
[Site "Katowice POL"]
[Date "2022.12.16"]
[Round "21.67"]
[White "Kovalchuk, Victor"]
[Black "Orzech, Dominik"]
[Result "0-1"]
[BlackTitle "IM"]
[WhiteElo "1602"]
[BlackElo "2313"]
[WhiteFideId "14191334"]
[BlackFideId "1115065"]
[EventDate "2022.12.16"]

1. e4 e6 2. d4 d5 3. e5 c5 4. c3 Nc6 5. Nf3 Qb6 6. Bd3 Bd7 7. O-O cxd4 8. cxd4
Nxd4 9. Nxd4 Qxd4 10. Nc3 a6 11. Qe2 Ne7 12. Kh1 Nc6 13. f4 Bc5 14. a3 g6 15.
Bd2 Ba7 16. b4 Qb6 17. Rab1 Nd4 18. Qe1 Nf5 19. b5 axb5 20. Nxb5 Bxb5 21. Bxb5+
Kf8 22. Ba5 Qe3 23. Bb4+ Kg7 24. Qxe3 Nxe3 25. Rfc1 Rhc8 26. Bd7 Rc4 27. Bb5 Rc2
28. Rxc2 Nxc2 29. Bd6 Rc8 30. Bd7 Rc3 31. h3 Bf2 32. Rxb7 Ne3 33. Rb1 Bg3 34.
Bb4 Rc2 35. Rg1 Bxf4 36. a4 Nf5 37. g4 Rh2# 0-1

[Event "European Blitz 2022"]
[Site "Katowice POL"]
[Date "2022.12.16"]
[Round "21.68"]
[White "Walter, Szymon"]
[Black "Karvatskyi, Oleksii"]
[Result "1-0"]
[WhiteTitle "FM"]
[WhiteElo "2327"]
[BlackElo "1995"]
[WhiteFideId "1172590"]
[BlackFideId "14191059"]
[EventDate "2022.12.16"]

1. e4 c5 2. Nc3 Nc6 3. f4 g6 4. Nf3 Bg7 5. Bb5 e6 6. Bxc6 bxc6 7. e5 f5 8. O-O
Ne7 9. d3 O-O 10. Be3 d6 11. exd6 Qxd6 12. Na4 Bd4 13. Qd2 Rd8 14. Rae1 Rb8 15.
b3 Ba6 16. Qf2 Bb5 17. Bxd4 cxd4 18. Ng5 Bxa4 19. Rxe6 Qc5 20. Qh4 h5 21. Rfe1
Rd7 22. Nf3 Bxb3 23. axb3 Re8 24. Ne5 Rd6 25. Rxe7 Re6 26. Rxe8+ Rxe8 27. Qf6
Qa5 28. Qf7+ Kh8 29. Nxg6# 1-0

[Event "European Blitz 2022"]
[Site "Katowice POL"]
[Date "2022.12.16"]
[Round "21.69"]
[White "Bazakutsa, Svyatoslav"]
[Black "Kulon, Klaudia"]
[Result "1-0"]
[BlackTitle "IM"]
[WhiteElo "2318"]
[BlackElo "2274"]
[WhiteFideId "14198525"]
[BlackFideId "1131044"]
[EventDate "2022.12.16"]

1. c4 g6 2. e4 Bg7 3. d4 d6 4. Nc3 Nf6 5. h3 O-O 6. Be3 c5 7. Nf3 cxd4 8. Nxd4
Nc6 9. Be2 Bd7 10. O-O Rc8 11. a3 a6 12. Nf3 Na5 13. Nd2 Nc6 14. b4 Be6 15. Rc1
Ne5 16. Nd5 Ne8 17. Nb3 f5 18. Nd4 Bxd5 19. exd5 Nc7 20. f4 Nd7 21. Bf3 Nf6 22.
Qb3 Kh8 23. Rfd1 b5 24. c5 dxc5 25. Rxc5 Qd7 26. Nc6 Ne4 27. Bxe4 fxe4 28. Qc2
e6 29. dxe6 Qxe6 30. Na7 Nd5 31. Rdxd5 Rxc5 32. Rxc5 h6 33. Nc6 Kh7 34. Ne5 Qf5
35. Ng4 Qe6 36. Rc6 Qd5 37. Rc7 Kh8 38. Ne5 Rf6 39. Rc5 Qd6 40. Qxe4 Qd1+ 41.
Kh2 Kh7 42. Rc7 Qd6 43. Qb7 Qf8 44. Nd7 Qe7 45. Nxf6+ Qxf6 46. Rd7 h5 47. Qe4
Qf8 48. Bd4 1-0

[Event "European Blitz 2022"]
[Site "Katowice POL"]
[Date "2022.12.16"]
[Round "21.70"]
[White "Trushko, Andrii"]
[Black "Maslanka, Wojciech"]
[Result "1-0"]
[WhiteElo "2006"]
[BlackElo "2103"]
[WhiteFideId "14172887"]
[BlackFideId "21846960"]
[EventDate "2022.12.16"]

1. d4 Nf6 2. Bg5 g6 3. Bxf6 exf6 4. e3 Bg7 5. Ne2 O-O 6. h4 f5 7. h5 c5 8. hxg6
fxg6 9. Nf4 d5 10. Nc3 cxd4 11. Ncxd5 Qa5+ 12. b4 Qa3 13. Bc4 Rf7 14. Rb1 dxe3
15. Ne7+ Kf8 16. Qd8# 1-0

[Event "European Blitz 2022"]
[Site "Katowice POL"]
[Date "2022.12.16"]
[Round "21.71"]
[White "Zawadzka, Jolanta"]
[Black "Bochniak, Franciszek"]
[Result "1/2-1/2"]
[WhiteTitle "WGM"]
[WhiteElo "2386"]
[BlackElo "1874"]
[WhiteFideId "1122320"]
[BlackFideId "21894469"]
[EventDate "2022.12.16"]

1. e4 e5 2. Nf3 Nf6 3. Nc3 Nc6 4. d4 exd4 5. Nxd4 Nxe4 6. Nxe4 Qe7 7. Bd3 Nxd4
8. O-O d5 9. Bg5 f6 10. Qh5+ Qf7 11. Nxf6+ gxf6 12. Qh4 Nf3+ 13. gxf3 fxg5 14.
Rfe1+ Be7 15. Qd4 O-O 16. Re2 Bd6 17. Rae1 c6 18. c4 Qh5 19. f4 Bxf4 20. f3 Bf5
21. cxd5 Bxd3 22. Qxd3 Rad8 23. Rg2 Rxd5 24. Qe4 Re5 25. Qc4+ Kh8 26. Qc3 Re8
27. Rge2 Bxh2+ 28. Rxh2 Qf7 29. Rhe2 Qf4 30. Rxe5 Qg3+ 31. Kh1 Qh3+ 32. Kg1 Qg3+
33. Kf1 Qh3+ 34. Kf2 Qh2+ 35. Kf1 Qh3+ 36. Ke2 1/2-1/2

[Event "European Blitz 2022"]
[Site "Katowice POL"]
[Date "2022.12.16"]
[Round "21.73"]
[White "De Filomeno, Simone"]
[Black "Olenik Campa, Rudi"]
[Result "1-0"]
[WhiteTitle "IM"]
[BlackTitle "CM"]
[WhiteElo "2450"]
[BlackElo "2358"]
[WhiteFideId "828688"]
[BlackFideId "14633264"]
[EventDate "2022.12.16"]

1. d4 Nf6 2. c4 g6 3. Nf3 Bg7 4. g3 O-O 5. Bg2 d6 6. O-O Nc6 7. Nc3 e5 8. dxe5
dxe5 9. Bg5 Be6 10. Nd2 h6 11. Bxf6 Bxf6 12. Nd5 Bxd5 13. cxd5 Ne7 14. Ne4 Bg7
15. Nc5 b6 16. Na6 Qd6 17. Rc1 Rac8 18. Qb3 Kh7 19. Rc2 f5 20. e4 c6 21. Rfc1
cxd5 22. exd5 e4 23. f3 Rxc2 24. Rxc2 Bd4+ 25. Kh1 e3 26. f4 Rc8 27. Rxc8 Nxc8
28. Qc4 e2 29. Qxe2 Ne7 30. Qe6 Qxe6 31. dxe6 Bxb2 32. Nc7 Kg7 33. Ne8+ Kf8 34.
Nd6 Ng8 35. Nc8 Bd4 36. Nxa7 Ke7 37. Nc6+ Kxe6 38. Nxd4+ 1-0

[Event "European Blitz 2022"]
[Site "Katowice POL"]
[Date "2022.12.16"]
[Round "21.74"]
[White "Cramling, Pia"]
[Black "Jaskolka, Tomasz"]
[Result "0-1"]
[WhiteTitle "GM"]
[BlackTitle "CM"]
[WhiteElo "2463"]
[BlackElo "2188"]
[WhiteFideId "1700030"]
[BlackFideId "1170791"]
[EventDate "2022.12.16"]

1. Nf3 d5 2. d4 c6 3. c4 Nf6 4. Qb3 a6 5. Nc3 e6 6. Bg5 Be7 7. e3 O-O 8. Be2
Nbd7 9. O-O dxc4 10. Qxc4 Nd5 11. Bxe7 Qxe7 12. Rfd1 Nxc3 13. Qxc3 c5 14. d5
exd5 15. Rxd5 b6 16. Rad1 Nf6 17. Re5 Qc7 18. Qd2 Bb7 19. Qd6 Qxd6 20. Rxd6 Rad8
21. Rxd8 Rxd8 22. Re7 Rd7 23. Rxd7 Nxd7 24. Kf1 f6 25. Nh4 Bd5 26. Bxa6 Bxa2 27.
Nf5 Ne5 28. Ke1 Bc4 29. Bxc4+ Nxc4 30. Ne7+ Kf7 31. Nc8 Nxb2 32. Nxb6 Ke6 33.
Kd2 c4 34. Kc2 Nd3 35. Nxc4 Nxf2 36. Kd2 Kd5 37. Nb6+ Ke4 38. Nc8 Ke5 39. h3
Ne4+ 40. Ke2 Nc3+ 41. Kd3 Nd5 42. Ne7 Nxe7 0-1

[Event "European Blitz 2022"]
[Site "Katowice POL"]
[Date "2022.12.16"]
[Round "21.75"]
[White "Pavlidou, Ekaterini"]
[Black "Diermair, Andreas"]
[Result "0-1"]
[WhiteTitle "WIM"]
[BlackTitle "GM"]
[WhiteElo "2178"]
[BlackElo "2446"]
[WhiteFideId "4213262"]
[BlackFideId "1612468"]
[EventDate "2022.12.16"]

1. d4 d5 2. c4 e6 3. Nc3 c6 4. Nf3 Nf6 5. cxd5 exd5 6. Bg5 h6 7. Bh4 Bf5 8. e3
Nbd7 9. Bd3 Bxd3 10. Qxd3 Be7 11. h3 O-O 12. g4 Ne4 13. Bxe7 Qxe7 14. Nd2 Rae8
15. Ncxe4 dxe4 16. Qb3 Nb6 17. O-O-O c5 18. d5 c4 19. Qb5 Rc8 20. Nb1 Rc5 21.
Qb4 Rfc8 22. Nc3 Qe5 23. Rd4 Nxd5 24. Qxb7 Nxc3 25. bxc3 R5c7 26. Qxe4 Qa5 27.
Qc2 Rb7 28. a4 Rb3 29. Kd2 Rcb8 30. Ke2 0-1

[Event "European Blitz 2022"]
[Site "Katowice POL"]
[Date "2022.12.16"]
[Round "21.76"]
[White "Kos, Pawel"]
[Black "Gunnarsson, Arnar"]
[Result "1-0"]
[BlackTitle "IM"]
[WhiteElo "2234"]
[BlackElo "2406"]
[WhiteFideId "1120085"]
[BlackFideId "2300915"]
[EventDate "2022.12.16"]

1. Nf3 Nf6 2. g3 c5 3. Bg2 d5 4. O-O Nc6 5. d4 e6 6. a3 b6 7. c4 Be7 8. Ne5 Nxd4
9. Nc3 Bb7 10. Qa4+ Kf8 11. e3 Nf5 12. cxd5 exd5 13. Rd1 Qc7 14. Qf4 Qc8 15.
Nxd5 Nxd5 16. Bxd5 Bxd5 17. Rxd5 Kg8 18. Rd7 g6 19. Rxe7 Qd8 20. Rd7 Qf6 21. b4
g5 22. Qe4 Re8 23. Bb2 cxb4 24. axb4 Qe6 25. Raxa7 1-0

[Event "European Blitz 2022"]
[Site "Katowice POL"]
[Date "2022.12.16"]
[Round "21.77"]
[White "Urh, Zala"]
[Black "Kirk, Ezra"]
[Result "0-1"]
[WhiteTitle "WIM"]
[BlackTitle "IM"]
[WhiteElo "2282"]
[BlackElo "2432"]
[WhiteFideId "14611481"]
[BlackFideId "600067"]
[EventDate "2022.12.16"]

1. d4 Nf6 2. Nf3 g6 3. Bf4 Bg7 4. e3 O-O 5. Be2 d6 6. h3 b6 7. O-O Bb7 8. c4
Nbd7 9. Nc3 e6 10. Bh2 Qe7 11. Rc1 a6 12. Re1 Rad8 13. Bf1 c5 14. d5 exd5 15.
cxd5 b5 16. e4 b4 17. Nb1 Nxe4 18. Nbd2 f5 19. Nc4 Ndf6 20. Ng5 Bxd5 21. Nxe4
fxe4 22. Ne3 Bb7 23. Bc4+ d5 24. Bb3 Kh8 25. f3 d4 26. Nc4 e3 27. Qd3 Nd5 28.
Bc2 Nf4 29. Bxf4 Rxf4 30. b3 Rdf8 31. Bd1 Bf6 32. Be2 Bh4 33. Red1 Bf2+ 34. Kh1
Rxf3 35. gxf3 Rxf3 36. Kh2 Rxh3+ 0-1

[Event "European Blitz 2022"]
[Site "Katowice POL"]
[Date "2022.12.16"]
[Round "21.78"]
[White "Maier, Christian"]
[Black "Minald, Andrey"]
[Result "1-0"]
[WhiteTitle "IM"]
[WhiteElo "2315"]
[BlackElo "2091"]
[WhiteFideId "4601955"]
[BlackFideId "13506854"]
[EventDate "2022.12.16"]

1. e4 c5 2. Nf3 d6 3. Bb5+ Bd7 4. c4 Bxb5 5. cxb5 Nd7 6. Nc3 Ngf6 7. O-O g6 8.
a4 Bg7 9. a5 O-O 10. a6 b6 11. d4 Qc7 12. h3 Rac8 13. Re1 Rfd8 14. Qb3 e6 15.
Bg5 h6 16. Bf4 cxd4 17. Nxd4 e5 18. Nc6 exf4 19. Nxd8 Rxd8 20. Rad1 Ne5 21. Ne2
Nh5 22. Nd4 Qd7 23. f3 Ng3 24. Kh2 Bf6 25. Rc1 Bh4 26. Red1 Nh5 27. Qd5 Nf6 28.
Qb7 Bg3+ 29. Kh1 Bf2 30. Rc7 Qe8 31. Nc6 Nxc6 32. Qxc6 Qe6 33. Rxa7 Nh5 34. Ra8
Rxa8 35. Qxa8+ Kh7 36. Qd5 Qe8 37. a7 Ng3+ 38. Kh2 Qe7 39. a8=Q Qh4 40. Qxf7# 1-0

[Event "European Blitz 2022"]
[Site "Katowice POL"]
[Date "2022.12.16"]
[Round "21.79"]
[White "Dobrovoljc, Vid"]
[Black "Herega, Nejc"]
[Result "1/2-1/2"]
[WhiteTitle "FM"]
[WhiteElo "2384"]
[BlackElo "2164"]
[WhiteFideId "14609843"]
[BlackFideId "14634058"]
[EventDate "2022.12.16"]

1. Nf3 Nf6 2. g3 g6 3. Bg2 c5 4. O-O Bg7 5. d3 O-O 6. e4 d6 7. Re1 Nc6 8. Nc3
Rb8 9. a4 Bg4 10. h3 Bxf3 11. Bxf3 a6 12. Bg2 Nd7 13. Ne2 b5 14. axb5 axb5 15.
c3 b4 16. d4 bxc3 17. bxc3 Na5 18. Bg5 Nc4 19. Ra7 h6 20. Bf4 cxd4 21. cxd4 e5
22. dxe5 Ndxe5 23. Ra2 Nb2 24. Qd2 Nbd3 25. Rd1 Nxf4 26. gxf4 Nc4 27. Qd5 Nb2
28. Rd2 Rb6 29. e5 Qb8 30. exd6 Rb5 31. Qa8 Qb6 32. Qc6 Qxc6 33. Bxc6 Rb6 34.
Bd5 Rd8 35. Ra7 Rbxd6 36. Bxf7+ Kh7 37. Rxd6 Rxd6 38. Ng3 Rf6 39. f5 gxf5 40.
Nh5 Rb6 41. Be8 Kh8 42. Rxg7 Nd3 43. Bg6 Rb1+ 44. Kg2 Rb2 45. Kg3 Nxf2 46. Nf6
Ne4+ 47. Nxe4 Kxg7 48. Bxf5 Rb3+ 49. Kf4 Rb4 50. h4 Ra4 51. Ke5 Ra5+ 52. Kf4 Ra4
53. Bg4 Rb4 54. Bf3 Ra4 55. Bg4 Rb4 56. Be6 Ra4 57. Ke5 Ra5+ 58. Bd5 Ra1 59. Nd6
Re1+ 60. Be4 Ra1 61. Nf5+ Kg6 62. Ng3+ Kg7 63. h5 Ra5+ 64. Kf4 Kf6 65. Bg6 Ra4+
66. Ne4+ Kg7 67. Bf5 Rb4 68. Be6 Rb5 69. Bg4 Ra5 70. Bf5 Rb5 71. Ng3 Rb4+ 72.
Be4 Rb5 73. Nf5+ Rxf5+ 74. Kxf5 Kh7 75. Kf6+ Kh8 76. Kg6 Kg8 77. Bd5+ Kh8 78.
Kxh6 1/2-1/2

[Event "European Blitz 2022"]
[Site "Katowice POL"]
[Date "2022.12.16"]
[Round "21.80"]
[White "Lajbl, Jan"]
[Black "D'Costa, Lorin"]
[Result "0-1"]
[BlackTitle "IM"]
[WhiteElo "2225"]
[BlackElo "2375"]
[WhiteFideId "390240"]
[BlackFideId "409219"]
[EventDate "2022.12.16"]

1. e4 e6 2. d4 d5 3. Nd2 c5 4. Ngf3 cxd4 5. exd5 Qxd5 6. Bc4 Qd7 7. O-O a6 8. a4
Nc6 9. Nb3 Qc7 10. Nbxd4 Bd7 11. Re1 Nf6 12. Nf5 O-O-O 13. Ng3 Bd6 14. Qe2 h6
15. c3 g5 16. b4 g4 17. Nh4 Kb8 18. b5 Ne5 19. Ba2 a5 20. b6 Qxb6 21. Be3 Qc7
22. Rab1 Bc5 23. Bf4 Nf3+ 24. Nxf3 Qxf4 25. Ne5 Bc8 26. Nc6+ Ka8 27. Nxd8 Rxd8
28. Rb5 Rd2 29. Rxa5+ Kb8 30. Qe5+ Qxe5 31. Rxe5 Bxf2+ 32. Kf1 Rxa2 33. Nh5 Nxh5
34. Rxh5 Be3 35. Rh4 f5 36. h3 Bg5 0-1

[Event "European Blitz 2022"]
[Site "Katowice POL"]
[Date "2022.12.16"]
[Round "21.81"]
[White "Molenda, Marcin"]
[Black "Jonsson, Gauti Pall"]
[Result "1-0"]
[WhiteTitle "FM"]
[WhiteElo "2381"]
[BlackElo "2045"]
[WhiteFideId "1173065"]
[BlackFideId "2309092"]
[EventDate "2022.12.16"]

1. e4 Nf6 2. e5 Nd5 3. d4 Nb6 4. Nf3 d5 5. Bd3 Bg4 6. h3 Bxf3 7. Qxf3 e6 8. O-O
c5 9. dxc5 N6d7 10. Qg3 Nc6 11. f4 Bxc5+ 12. Kh1 Qe7 13. c3 h5 14. b4 Bb6 15. a4
h4 16. Qf3 a5 17. b5 Ncxe5 18. fxe5 Nxe5 19. Qe2 f6 20. Bf4 Nxd3 21. Qxd3 e5 22.
Bh2 O-O-O 23. Nd2 g5 24. Qf5+ Kb8 25. Qxf6 Qxf6 26. Rxf6 Bc7 27. b6 Bd6 28. Rxd6
Rxd6 29. Bxe5 Rd8 30. Nc4 dxc4 31. Rd1 Kc8 32. Rxd6 Re8 33. Rd5 Re6 34. Bc7 Re8
35. Rxg5 Re3 36. Rc5 Kd7 37. Be5 Ke6 38. Bd4 Re1+ 39. Kh2 Ra1 40. Rxa5 1-0

[Event "European Blitz 2022"]
[Site "Katowice POL"]
[Date "2022.12.16"]
[Round "21.82"]
[White "Player, Edmund C"]
[Black "Dragicevic, Drazen"]
[Result "0-1"]
[BlackTitle "FM"]
[WhiteElo "2198"]
[BlackElo "2345"]
[WhiteFideId "406520"]
[BlackFideId "1707922"]
[EventDate "2022.12.16"]

1. e4 c5 2. Nf3 d6 3. d4 cxd4 4. Nxd4 Nf6 5. Nc3 Bd7 6. g3 e5 7. Nde2 Bc6 8. Bg2
Be7 9. Bg5 O-O 10. O-O Nbd7 11. Qd2 h6 12. Bxf6 Nxf6 13. Nd5 Nxd5 14. exd5 Bd7
15. c3 b5 16. f4 exf4 17. Nxf4 Bf6 18. Kh1 a5 19. Ne2 Be5 20. Nd4 b4 21. Nc6
Bxc6 22. dxc6 bxc3 23. bxc3 Qb6 24. Rac1 Rab8 25. Bd5 Qc5 26. c4 Rb6 27. Rb1
Rxc6 28. Bxc6 Qxc6+ 29. Qd5 Qxd5+ 30. cxd5 Rc8 31. Rb5 a4 32. Ra5 Rc4 33. Rd1 h5
34. Ra7 h4 35. gxh4 Rxh4 36. Rd2 Rg4 37. Re2 Bd4 38. Ra8+ Kh7 39. h3 Rf4 40. Kg2
Be5 41. Ra7 f6 42. Ra6 Rd4 43. Ra5 Kg6 44. Rb5 a3 45. Rb3 Ra4 46. Kf3 Ra5 47.
Rd3 Bb2 48. Re4 Kf7 49. Rc4 Kg6 50. Ke4 Rb5 51. Ra4 f5+ 52. Kf4 Kf6 53. Kf3 g5
54. Rb3 Rxd5 55. Rbxa3 Bxa3 56. Rxa3 Rc5 57. Ra6 Rc3+ 58. Kg2 Ke5 59. a4 Ra3 60.
Ra5+ Kf4 61. Rd5 Ra2+ 62. Kf1 Ra3 63. Rxd6 Rxh3 64. a5 Ra3 65. Ke2 Ra2+ 66. Kd3
g4 67. Rd4+ Ke5 68. Rd8 Ra3+ 69. Ke2 Rxa5 70. Re8+ Kf4 71. Rb8 Ra2+ 72. Kf1 Kg5
73. Rb4 f4 74. Kg1 f3 75. Rb8 Kf4 76. Kf1 Ra1+ 77. Kf2 g3# 0-1

[Event "European Blitz 2022"]
[Site "Katowice POL"]
[Date "2022.12.16"]
[Round "21.83"]
[White "Nazarova, Anastasia"]
[Black "Jablonicky, Martin"]
[Result "1/2-1/2"]
[WhiteTitle "WFM"]
[BlackTitle "FM"]
[WhiteElo "2196"]
[BlackElo "2388"]
[WhiteFideId "34101737"]
[BlackFideId "14925621"]
[EventDate "2022.12.16"]

1. e4 e5 2. Nf3 Nf6 3. d4 Nxe4 4. Bd3 d5 5. Nxe5 Nd7 6. O-O Nxe5 7. dxe5 Nc5 8.
Be2 Be7 9. Be3 O-O 10. f4 f5 11. c4 dxc4 12. Bxc4+ Be6 13. Qc2 Qe8 14. Nd2 Rd8
15. Nf3 Qf7 16. Rac1 Bxc4 17. Qxc4 Qxc4 18. Rxc4 Ne6 19. Nd4 Nxd4 20. Bxd4 Rxd4
21. Rxc7 Bd8 22. Rxb7 Bb6 23. Kh1 Rfd8 24. h3 Rd2 25. b3 Be3 26. Rf3 Bb6 27. h4
R2d3 28. Rxd3 Rxd3 29. e6 Rd8 30. g4 fxg4 31. f5 Bd4 32. Kg2 g6 33. fxg6 hxg6
34. Kg3 Re8 35. e7 Bc5 36. Kxg4 Rxe7 37. Rb8+ Kg7 38. h5 Re4+ 39. Kf3 Re3+ 40.
Kf4 gxh5 41. Rc8 Rc3 42. Rc7+ Kf6 43. Ke4 Ke6 44. Rc6+ Kd7 45. Rh6 Re3+ 46. Kd5
Bb6 47. Rxh5 Re2 48. Rh7+ Kc8 49. a4 Rb2 50. Kc4 Bc7 51. Rh8+ Kb7 52. Rh7 Rb1
53. Rf7 a5 54. Rf5 Rc1+ 55. Kd3 Rc6 56. Rb5+ Ka6 57. b4 axb4 58. Rxb4 Ba5 59.
Rc4 Rh6 60. Kc2 Bb6 61. Rg4 Ka5 62. Kb3 Rh3+ 63. Kc4 Kxa4 64. Kd5+ Kb5 65. Ke5
Bc5 66. Ke4 Re3+ 67. Kf4 Re7 68. Kf5 Kc6 69. Rg6+ Kd5 70. Rg8 Rf7+ 71. Kg4 Ke4
72. Re8+ 1/2-1/2

[Event "European Blitz 2022"]
[Site "Katowice POL"]
[Date "2022.12.16"]
[Round "21.84"]
[White "Klepek, Witold"]
[Black "Vedrickas, Tautvydas"]
[Result "0-1"]
[BlackTitle "FM"]
[WhiteElo "2216"]
[BlackElo "2358"]
[WhiteFideId "1175068"]
[BlackFideId "12802654"]
[EventDate "2022.12.16"]

1. e4 g6 2. d4 Bg7 3. Nc3 d6 4. Bc4 Nd7 5. Nf3 e6 6. h4 h6 7. h5 g5 8. Qe2 a6 9.
e5 d5 10. Bd3 c5 11. dxc5 Nxc5 12. Be3 Qc7 13. Bd4 Ne7 14. O-O Bd7 15. Rac1 Rc8
16. Bxc5 Qxc5 17. Rfe1 Qb4 18. Rb1 Nc6 19. a3 Qe7 20. Na4 g4 21. Nh2 g3 22. Nf3
gxf2+ 23. Qxf2 Rg8 24. Nb6 Rc7 25. c4 Bf8 26. b4 0-1

[Event "European Blitz 2022"]
[Site "Katowice POL"]
[Date "2022.12.16"]
[Round "21.85"]
[White "Karas, Marek"]
[Black "Gumula, Daniel"]
[Result "1-0"]
[WhiteTitle "FM"]
[BlackTitle "FM"]
[WhiteElo "2240"]
[BlackElo "2146"]
[WhiteFideId "14928558"]
[BlackFideId "1123122"]
[EventDate "2022.12.16"]

1. e4 g6 2. h4 d5 3. exd5 Nf6 4. Nc3 Bg7 5. Bb5+ Nbd7 6. d4 a6 7. Bc4 b5 8. Bb3
Nb6 9. Nf3 Bb7 10. Bg5 Nbxd5 11. Ne5 h6 12. Bd2 O-O 13. Qe2 Nxc3 14. bxc3 Bd5
15. O-O Bxb3 16. axb3 e6 17. Ra2 Nd7 18. Nxd7 Qxd7 19. Qe4 a5 20. Rfa1 a4 21.
Bf4 Ra7 22. g3 Rfa8 23. Kg2 Qd5 24. Qxd5 exd5 25. Kf3 Bf8 26. Re1 Bd6 27. Bxh6
c6 28. Bf4 Bxf4 29. Kxf4 Kf8 30. bxa4 Rxa4 31. Rxa4 bxa4 32. Ra1 Ke7 33. Ke3 Kd6
34. Kd3 Kc7 35. c4 dxc4+ 36. Kxc4 Kd6 37. Ra3 f5 38. c3 Ra7 39. Kb4 Kd5 40. Rxa4
Rb7+ 41. Ka3 Ke4 42. Rb4 Ra7+ 43. Kb2 Kd3 44. Rb6 Re7 45. Rxc6 Re2+ 46. Kb3 Rxf2
47. Rxg6 Rc2 48. Rc6 Rc1 49. Kb4 Rb1+ 50. Kc5 Kxc3 51. d5 Rg1 52. Rf6 Rxg3 53.
Rxf5 Rh3 54. d6 Rxh4 55. d7 Rc4+ 56. Kd6 Rd4+ 57. Rd5 1-0